000 01155cam a2200313 4500
001 J85474
008 090401t1997 xxu||||| |||| 00| 0 eng d
035 _a(Sirsi) u79892
041 _aeng
050 _a658.562
_c18
100 _aHobbs, Chris
245 _aQuality assurance and beyond
_ba CPD study pack
260 _aReading
_bCollege of Estate Management
_c1997
300 _avi, 55p.
_c30cm. + 1 audio cassette (ca. 60 min.)
350 _a34.5
490 _aCollege of Estate Management CPD Study Pack
520 _aAims to provide detailed advice on techniques currently being implemented by practices and to give an indication of further techniques.
520 _aAccompanied by Owlion Audio Programme "Investors in People" (JJ86859), which is also available to borrow seperately.
650 _aBS 5750
650 _aISO 9000
650 _aQUALITY ASSURANCE
650 _aQUALITY MANAGEMENT SYSTEMS
650 _aQUALITY MANAGEMENT
650 _aTOTAL QUALITY MANAGEMENT
690 _aMANAGEMENT-BUSINESS MANAGEMENT-PROFESSIONAL PRACTICE
710 _aCollege of Estate Management
_9400
942 _n0
948 _c25/07/1997
999 _c96569
_d96569